000 00868nam a2200253Ia 4500
003 OSt
005 20220923221010.0
006 a|||||r|||| 00| 0
007 ta
008 220922b |||||||| |||| 00| 0 hin d
024 _a193,586
037 _cTextual
040 _aARTS
_cARTS
_bhin
041 _2hin
_ahin
082 _aO152,3xN1, L6
100 _aवाजपेयी, भगवती प्रसाद, संपा.
245 0 _aकहानी कुंज
246 _aKahānī kuanja
260 _aप्रयाग
_b हिन्दी साहित्य सम्मेलन
_c1976
300 _a134पृ.
_ccm.
650 _aहिन्दी साहित्य
_9156264
942 _hO152,3xN1, L6
_cTEXL
_2CC
999 _c346034
_d346034